Deontología jurídica / [por] Miguel Villoro Toranzo

Guardado en:
Detalles Bibliográficos
Autor principal: Villoro Toranzo, Miguel (autor)
Formato: Libro
Colección:Universidad Iberoamericana. Departamento de Derecho
Temas:
Etiquetas: Agrega una etiqueta
Sin etiquetas, Sé el primero en etiquetar este registro!

MARC

LEADER 00000nam^a2200000^u^4500
001 000544160
005 20250521000000.0
008 060220s1000^^^^^^^^^^^^r^^^^^000^0^spa^d
009 20260310131322.603
035 |a FMI 000013252 
037 |a Acervo Xavier Clavigero 
096 |a 6.5/33/C 
100 |a Villoro Toranzo, Miguel  |e (autor) 
245 1 0 |a Deontología jurídica / [por] Miguel Villoro Toranzo 
264 |a México : UIA, 1987 
300 |a 213 p. 
336 |a texto  |b txt  |2 rdacontenido 
337 |a sin mediación  |b n  |2 rdamedio 
338 |a volumen  |b nc  |2 rdasoporte 
440 |a Universidad Iberoamericana. Departamento de Derecho 
649 |a XX 
650 |a Ética 
910 |a Fondo Francisco Migoya Covarrubias S.J. 
920 |a Impresos - Libros 
930 |a Fondos Especiales 
905 |a 134 
901 |a SBC06484  |b IT2  |c ESP  |u 20250521 
902 |a https://opac.biblio.iteso.mx/vufind/Record/000544160